000
00257nam a2200097Ia 4500
008
190216s9999||||xx |||||||||||||| ||und||
100
_a
Dakshina Murthy
245
0
_a
"English Kalpanikatha Adya Gattam,Randam Gattam"
260
_b
Bhasha Institute
942
_c
BK
999
_c
40418
_d
40418